LAQW OF INJUCTIONS (Record no. 216876)

MARC details
000 -LEADER
fixed length control field 00373nam a22001457a 4500
008 - FIXED-LENGTH DATA ELEMENTS--GENERAL INFORMATION
fixed length control field 260327b |||||||| |||| 00| 0 eng d
050 ## - LIBRARY OF CONGRESS CALL NUMBER
Classification number KNS 3704.N45 2025
100 ## - MAIN ENTRY--PERSONAL NAME
Personal name BALASUBRAMANYAN S.
245 ## - TITLE STATEMENT
Title LAQW OF INJUCTIONS
260 ## - PUBLICATION, DISTRIBUTION, ETC.
Place of publication, distribution, etc. INDIA
Name of publisher, distributor, etc. LAW PUBLISHERS INDIA
Date of publication, distribution, etc. 2025
300 ## - PHYSICAL DESCRIPTION
Extent X,1688
650 ## - SUBJECT ADDED ENTRY
Topical term or geographic name entry element Injuctions india
942 ## - ADDED ENTRY ELEMENTS (KOHA)
Source of classification or shelving scheme Library of Congress Classification
Koha item type Long Loan Book
Holdings
Withdrawn status Lost status Source of classification or shelving scheme Damaged status Not for loan Collection Home library Current library Shelving location Date acquired Inventory number Total checkouts Full call number Date last seen Copy number Price effective from Koha item type
    Library of Congress Classification     Law Kisii University Library Kisii University Library On Display 03/27/2026 112574   KNS 3704.N45 2025 03/27/2026 C.1 03/27/2026 Long Loan Book